000 00525nam a22002177a 4500
003 UA-OsUOA
001 18533
007 ta
008 20040211b un ||||| |||| 00| 0 ukr d
090 _bП-752
942 _cBK
040 _aUA-OsUOA
_bukr
_cUA-OsUOA
_dUA-OsUOA
245 _aПриватизація на Рівненщині
300 _a7 с.
955 _a0
041 _aukr
591 _a65.9(4Укр-4Рів)
260 _aРівне
_c2003
044 _aUA
650 7 _aКраєзнавча робота
_2UDC
999 _c304704
_d304704